000 00623nam a22002297a 4500
003 UA-OsUOA
001 127192
007 ta
008 20171121b un ||||| |||| 00| 0 ukr d
100 _aДавыдов Д.
090 _a821.161.1
_bД13
942 _cBK
040 _aUA-OsUOA
_brus
_cUA-OsUOA
_dUA-OsUOA
245 _aСтихотворения
_cВст.ст. В. Вацуро
300 _a240 с.
955 _a3
041 _arus
080 _a821.161.1
260 _aСПб
_bСов.писатель
_c1984
650 7 _a82 Література. Літературознавство
_2UDC
999 _c414338
_d414338